| 000 | 02236cam a2200325 4500500 | ||
|---|---|---|---|
| 005 | 20260208005002.0 | ||
| 041 | _afre | ||
| 042 | _adc | ||
| 100 | 1 | 0 |
_aBrossard, Olivier _eauthor |
| 245 | 0 | 0 | _aAdresse lyrique et refus de correspondre dans la poésie de Frank O'Hara |
| 260 | _c2007. | ||
| 500 | _a27 | ||
| 520 | _aHovering between biographical precision and lyrical elaboration, Frank O’Hara’s poems are often addressed to friends and lovers. As the mock manifesto “Personism” reveals, the issue of communication lies at the heart of his poetics : instead of picking up the telephone, the poet, O’Hara says, can write a poem to the person he wanted to call. Instead of writing letters, O’Hara wrote a number of epistolary poems to his would-be addressees. Feeding on aborted telephone calls and unwritten letters, O’Hara’s lyricism explores a new mode of communication, which he deemed more “personal”. His poems create the illusion of an ongoing conversation between friends and lovers, while really aspiring to “the ideal possibility of not communicating” (Kaufmann). Perverting the impulse to communicate even as it claims to be nourished by it, Frank O’Hara’s poetry calls for the dispersion of the author’s voice by invoking the reader, who eavesdrops on every exchange, yet whose intervention is necessary to the poem’s survival. O’Hara’s messages never seem to reach their addressees without giving them the reassuring or disheartening impression that they are not alone in receiving them. | ||
| 690 | _aécriture et communication | ||
| 690 | _aF. O'Hara | ||
| 690 | _aK. Koch | ||
| 690 | _aL. Rivers | ||
| 690 | _alittérature épistolaire | ||
| 690 | _alyrisme et autobiographie | ||
| 690 | _apoésie américaine | ||
| 690 | _aAmerican poetry | ||
| 690 | _aepistolary writing | ||
| 690 | _aF. O'Hara | ||
| 690 | _aK. Koch | ||
| 690 | _aL. Rivers | ||
| 690 | _aliterature and communication | ||
| 690 | _alyricism and autobiography | ||
| 786 | 0 | _nRevue française d’études américaines | 112 | 2 | 2007-10-12 | p. 80-94 | 0397-7870 | |
| 856 | 4 | 1 | _uhttps://shs.cairn.info/revue-francaise-d-etudes-americaines-2007-2-page-80?lang=fr&redirect-ssocas=7080 |
| 999 |
_c1650043 _d1650043 |
||